000 00326nam a22001337a 4500
020 _a978-0470376256
041 _aENG
100 _aHeathcote.I.S
245 _aIntegrated Watershed Management Principles and Practice
260 _aNew York
_bJohn Wiley and Sons
_c1998
300 _a414
650 _aSWCE
856 _uSWCE (06 )
999 _c2572
_d2572